Servisne orientovaná architektúra v procesne riadenom podniku

Na minha lista:
Detalhes bibliográficos
Autor principal: Jurík, Pavol, 1987-
Outros Autores: Cárachová, Magdaléna, Stašák, Jozef, Závodný, Peter
Formato: Livro
Idioma:eslovaco
Publicado em: Nové Zámky Tlačiareň Merkur 2020
Edição:1. vydanie
Assuntos:
Tags: Adicionar Tag
Sem tags, seja o primeiro a adicionar uma tag!

MARC

LEADER 00000nam a2200000 4500
001 0270317
005 20240502074232.7
020 |a 978-80-89996-06-3 
041 0 |a slo 
044 |a SK 
245 1 0 |a Servisne orientovaná architektúra v procesne riadenom podniku  |c Pavol Jurík ; odborní recenzenti: Magdaléna Cárachová, Jozef Stašák, Peter Závodný 
250 |a 1. vydanie 
264 1 |a Nové Zámky  |b Tlačiareň Merkur  |c 2020 
300 |a 176 s. [9,001 AH] 
610 2 0 |a procesy podnikové 
610 2 0 |a riadenie procesné 
610 2 0 |a technológie nové 
610 2 0 |a služby elektronické 
610 2 0 |a systémy informačné 
610 2 0 |a cykly hospodárske 
610 2 0 |a štandardy 
100 1 |a Jurík, Pavol, 1987- 
700 1 |a Cárachová, Magdaléna 
700 1 |a Stašák, Jozef 
700 1 |a Závodný, Peter